Humoristes par images #2 - Statistiques

Statistiques générales
  • Ce quiz a été pris 136 fois
  • Le résultat moyen est 9 sur 16
Statistiques - réponses
Par images Réponse % Correct
Elie Semoun
93%
Coluche
89%
Jean Marie Bigard
86%
Baptiste Lecaplain
72%
Issa Doumbia
72%
Ary Abittan
62%
Kyan Khojandi
62%
Malik Bentalha
56%
Paul de saint sernin
56%
Guillaume Bats
54%
Bérangère Krief
50%
Kheiron
47%
Roman Doduik
44%
Djimo
43%
Rachid Badouri
30%
Wahid Bouzidi
14%
Aucun quiz correspondant
Distribution des résultats
% des personnes avec chaque résultat
Percentile par nombre de réponses
Votre historique - résultats
Vous n’avez pas pris ce quiz